000 00300nam a2200121Ia 4500
008 190216s9999||||xx |||||||||||||| ||und||
100 _aSachdeva S
245 0 _aCompetition Success Review
260 _bSudha Pubs Pvt Ltd
_c1976
300 _a456p
650 _aCompetitive Examination
942 _cREF
999 _c35532
_d35532